000 00588nam a2200205Ia 4500
005 20250508163911.0
008 008 250505s9999 xx 000 0 hin d
020 _a81-86684-98-0
037 _aTextBook
040 _aFEDL
_beng
_cFEDL
041 _ahin
_2eng
084 _a301, BLA/R
_qFEDL
100 _aBlakh Mark
245 0 _aSamanthi samaj : Pertantrata ke bandhno ka vikas. 2 Parts
260 _aDelhi, India
_bGranth Shilpi
_c2002
365 _aINR
_b950
700 _a Mishra Krishanakant Tr.
_9776721
942 _cTB
_h301, BLA/R
999 _c1385865
_d1385865